[Event "Florianopolis op 5th"]
[Site "Florianopolis"]
[Date "2019.01.26"]
[Round "9"]
[White "Dos Santos, Haroldo Cunha Jr"]
[Black "Vieira, Rodrigo Chagas"]
[Result "1-0"]
[WhiteElo "2129"]
[BlackElo "1892"]
[PlyCount "73"]
[EventDate "2019.01.21"]
[EventType "swiss"]
[EventRounds "10"]
[EventCountry "BRA"]
[SourceTitle "EXT 2020"]
[Source "ChessBase"]
[SourceDate "2019.10.17"]
[SourceVersion "1"]
[SourceVersionDate "2019.10.17"]
[SourceQuality "1"]

1. d4 d6 2. Nf3 Nf6 3. Bg5 g6 4. Bxf6 exf6 5. e4 Bg7 6. c4 0-0 7. Nc3 f5 8. exf5 Re8+ 9. Be2 Bxf5 10. 0-0 Nc6 11. d5 Ne5 12. Nd4 Qh4 13. Nxf5 gxf5 14. g3 Qh3 15. Re1 Ng4 16. Bxg4 fxg4 17. Qd3 Re5 18. Rxe5 Bxe5 19. Re1 Qh6 20. Qf5 Qg6 21. Qd7 h5 22. Qxc7 Kg7 23. Qe7 h4 24. Ne4 hxg3 25. hxg3 Rh8 26. Qg5 f5 27. Qxg6+ Kxg6 28. Nxd6 Bxd6 29. Re6+ Kg5 30. Rxd6 Rc8 31. b3 b5 32. Rc6 Rd8 33. d6 bxc4 34. bxc4 Kf6 35. c5 Ke6 36. Rc7 Kd5 37. d7 1-0